000 00548nam a2200205Ia 4500
003 IEPS
005 20250703135247.0
008 250223s9999||||xx |||||||||||||| ||und||
040 _CIEPS
041 _aara
082 _a617.1
100 _aجلال الدين علي
245 0 _aالاصابة الرياضية
245 0 _bالوقاية و العلاج
250 _aط. 02
260 _aالزقازيق
_b[د.ن.]
_c2005
300 _a237 ص.
_bجداول
_c20 سم.
653 _aالإصابات الرياضية
942 _cكتاب
999 _c11625
_d11625